|
|
|
|
| LEADER |
00000nab a2200000 a 4500 |
| 001 |
vtls000745678 |
| 003 |
SK-MaSNL |
| 005 |
20260302192909.0 |
| 008 |
180205c2000 xo 0 slo |
| 015 |
|
|
|a SNBRB2001/01-04288
|
| 035 |
|
|
|a CLN000097510
|
| 040 |
|
|
|a SNKBUCL
|b slo
|c SNKBUCL
|e AACR2
|
| 041 |
0 |
|
|a slo
|
| 044 |
|
|
|a xo
|c SK
|
| 080 |
|
|
|a 658.114.012.45
|2 UDC-MRF-SK2
|
| 100 |
1 |
|
|a Zajac-Vanka, Peter,
|d 1955-
|4 aut
|9 133883
|
| 245 |
1 |
0 |
|a Manažment vedomostí ako nová výzva
|b jadrom ekonomiky 21. storočia sú vzdelaní ľudia
|c Peter Zajac-Vanka
|
| 650 |
0 |
7 |
|a znalostný manažment
|2 snkbucl
|9 67859
|
| 655 |
|
7 |
|a články z novín a časopisov
|2 snkbucl
|9 267496
|
| 773 |
0 |
|
|x 1335-468X
|t Slovo. Politicko-spoločenský týždenník
|g Roč. 2, č. 45 (2000), s. 13
|
| 850 |
|
|
|a Slovenská národná knižnica v Martine
|
| 852 |
|
|
|a SNK
|b KIS3GCP
|
| 958 |
|
|
|a RBX
|
| 999 |
|
|
|c 1442521
|d 1444451
|